Biện pháp quản lý giáo dục nếp sống văn hóa học đường cho sinh viên trường cao đẳng Phương Đông Đà Nẵng

Trên cơ sở nghiên cứu cơ sở lý luận và đánh giá thực tiễn công tác giáo dục nếp sống văn hóa học đường tại trƣờng Cao đẳng Phương Đông Đà Nẵng hiện nay. Từ đó đề xuất các biện pháp quản lý giáo dục nếp sống văn hóa học đường cho SV tại trường Cao đẳng Phương Đông Đà Nẵng....

ver descrição completa

Na minha lista:
Detalhes bibliográficos
Autor principal: Đỗ Thị Như Quỳnh
Outros Autores: Nguyễn Thị Trâm Anh TS. (Hướng dẫn)
Formato: Livro
Idioma:Vietnamese
Publicado em: Đà Nẵng Đại học Đà Nẵng 2015
Assuntos:
Tags: Adicionar Tag
Sem tags, seja o primeiro a adicionar uma tag!
Thư viện lưu trữ: Mạng thư viện Đại học Đà Nẵng
LEADER 01952nam a2200361 4500
001 000020253
003 16698
005 20150318080332.0
008 150311s2015 viesd
041 |a vie 
082 1 4 |a 378.014  |b ĐÔ-Q 
100 1 |a Đỗ Thị Như Quỳnh 
245 1 |a Biện pháp quản lý giáo dục nếp sống văn hóa học đường cho sinh viên trường cao đẳng Phương Đông Đà Nẵng  |c Đỗ Thị Như Quỳnh ; Nguyễn Thị Trâm Anh hướng dẫn.  |k Luận văn Thạc sĩ 
260 |a Đà Nẵng  |b Đại học Đà Nẵng  |c 2015 
300 |a 101 tr., phụ lục 20 tr.  |c 29 cm.  |e Tóm tắt 
500 |a Luận văn thạc sĩ Khoa học. Chuyên ngành: Quản lý giáo dục. Mã số: 60.14.05 
520 3 |a Trên cơ sở nghiên cứu cơ sở lý luận và đánh giá thực tiễn công tác giáo dục nếp sống văn hóa học đường tại trƣờng Cao đẳng Phương Đông Đà Nẵng hiện nay. Từ đó đề xuất các biện pháp quản lý giáo dục nếp sống văn hóa học đường cho SV tại trường Cao đẳng Phương Đông Đà Nẵng. 
650 0 4 |a Giáo dục đại học  |v Luận văn tốt nghiệp  |x Văn hóa học đường  |x Sinh viên  |z Đà Nẵng 
653 |a Giáo dục đại học 
653 |a Quản lý giáo dục 
653 |a Văn hóa học đường 
653 |a Sinh viên 
700 1 |a Nguyễn Thị Trâm Anh  |c TS.  |e Hướng dẫn 
OWN |a LSP 
AVA |a UDN50  |b LSP  |d 378.014 ĐÔ-Q  |e available  |t Error 5001 Not defined in file expand_doc_bib_avail.  |f 1  |g 0  |h N  |i 0  |k 1 
999 |a From the UDN01 
AVA |a UDN50  |b LSP  |d 378.014 ĐÔ-Q  |e available  |t Error 5001 Not defined in file expand_doc_bib_avail.  |f 1  |g 0  |h N  |i 0  |k 1 
TYP |a Monograph 
TYP |a Printed language 
980 |a Mạng thư viện Đại học Đà Nẵng